000 00491ntaaa2200169 4500
003 01
005 20251027202328.0
008 0714s1973 ag 01
040 _aAR-BaBN
_bspa
_cAR-BaBN
_eaacr
_dRIC
082 _a291.1 T46
100 _aTillich, Paul
_9151
245 _aChristianity and the encounter of the world religions /
_cPaul Tillich
260 _aNew York :
_bColumbia University Press,
_cc1963
300 _a97 p. ;
_c21 cm.
650 _aReligiones comparadas
_93333
942 _cBK
999 _c18141
_d18141